00445nam a2200157Ia 4500008004100000020001500041041000800056082001600064100002200080245007200102260005600174300000800230365001400238650001500252650002000267140306s9999 xx 000 0 und d a0434907480 aeng a808bHEN/WR aHennessy, Brendan aWriting feature articles : a practical guide to methods and markets aOxfordbHeinemann Professional Publishing Ltdc1989 a303 bUSD.12.95 aAuthorship aSerial articles